Jugadores Kings League (Imagen) - Estadísticas

Estadísticas generales
  • Esta prueba ha sido intentada 24 veces
  • La puntuación promedio es 91 de 152
Estadísticas de respuestas
Imagen Respuesta % Correcto
Kun Aguero
100%
Verdu
100%
Alberto Bueno
94%
Carles Planas
94%
Dani Perez
94%
Edgar Alvaro
94%
Jacobo
94%
Pablo Beguer
94%
Poloteli
94%
Temo
94%
Ubon
94%
Capi
89%
Cichero
89%
Dani Liñares
89%
Feliu
89%
Gilles Vidal
89%
Guillem ZZ
89%
Javi Espinosa
89%
Joselete
89%
Mantovani
89%
Nadir
89%
Pau ZZ
89%
Roger Carbo
89%
Augusto Fernandez
83%
David Alba
83%
David Barral
83%
Juanma Gonzalez
83%
Mario Reyes
83%
Pol Lechuga
83%
Segovia
83%
Velillas
83%
Briones
78%
Campu
78%
Enigma 69
78%
Fran Hernandez
78%
Guti
78%
Jose Juan
78%
Kelvin Oliveira
78%
Marc Granero
78%
Pareja
78%
Paufer
78%
Pelaz
78%
Sorroche
78%
Uri Pons
78%
Aitor Vives
72%
Coro
72%
Dorado
72%
Ian Gonzalez
72%
Joan Poch
72%
Nico Santos
72%
Arché
67%
Arnalot
67%
Carlos Contreras
67%
De La Mata
67%
Eloy Amoedo
67%
Gio Ferinu
67%
Hugo Fraile
67%
Jordi Ros
67%
Jorge Ibañez
67%
Ricardo
67%
Soriano
67%
Torrejon
67%
Torrentbo
67%
Victor Torres
67%
Victor Vidal
67%
Caligol
61%
Dani Perez
61%
De La Bella
61%
Iñaki Villalba
61%
Lucca
61%
Omabegho
61%
Oscar Coll
61%
Roman Alegre
61%
Aleix Hernando
56%
Aleix Lage
56%
Ao
56%
Bañuls
56%
Bernat
56%
Corvo
56%
David Lopez
56%
Fuad
56%
Ivan Fajardo
56%
Jero
56%
Joan Canet
56%
Noel Bayarri
56%
Noel Lopez
56%
Pol Zapata
56%
Ropero
56%
Sergi Aguilar
56%
Turner
56%
Victor Cocera
56%
Adrian Espinar
50%
Aridai
50%
Dani Marti
50%
David Lopez
50%
Dorkis
50%
Juanpe Nzo
50%
Juste
50%
Ledo
50%
Lluis Alsina
50%
Manu Martin
50%
Moha
50%
Sergio Sanchez
50%
Xavi Molas
50%
Antoni Hernandez
44%
Dani Santiago
44%
Gerard Nolla
44%
Jordi Gomez
44%
Maldonado
44%
Nacho Berche
44%
Nando Quesada
44%
Nil Ayats
44%
Pablo Fernandez
44%
Pol Ortega
44%
Rafa Leva
44%
Ruggeri
44%
Stelios
44%
Vacas
44%
Victor Mongil
44%
Abraham
39%
Aleix Martí
39%
Casi
39%
Chechi
39%
Cokita
39%
Eloy Pizarro
39%
Franky
39%
Godbless
39%
Iker Alcarazo
39%
Iker Gonzalez
39%
Kilian Honorato
39%
Luis Garcia
39%
Mini Bartu
39%
Rivero
39%
Sep
39%
Sergi Gesti
39%
Adri Gimeno
33%
Andreas Vaz
33%
Carlitos Val
33%
Eric Jimenez
33%
Hichem
33%
Hulk
33%
Ñito
33%
Oribe
33%
Biboum
28%
Gabriel Vidal
28%
Guerrero
28%
Joan Ines
28%
Pluvins
28%
Miraash
22%
Moshin
22%
Robert Vallribera
22%
Ivan Perez
17%
No se encontraron pruebas coincidentes
Distribución de puntuación
Porcentaje de gente con cada puntuación
Porcentaje por número respondido
Historial de tus puntuaciones
No has intentado esta prueba.